| 000 | 00798cam a2200241 i 4500 | ||
|---|---|---|---|
| 999 |
_c12257 _d12257 |
||
| 003 | OSt | ||
| 005 | 20231120111451.0 | ||
| 008 | 770111s1977 nyua b 001 0 eng | ||
| 020 | _a9780442288228 | ||
| 040 | _aBMSCA | ||
| 041 | _aEng | ||
| 082 | 0 | 0 |
_a711.58 _222 _bRIC |
| 100 | 1 | _aUntermann, Richard K. | |
| 245 | 1 | 0 |
_aSite planning for cluster housing / _cRichard Untermann & Robert Small, with assistance by Lynn Lewicki. |
| 260 |
_aNew York : _bVan Nostrand Reinhold, _cc1977. |
||
| 300 |
_a306 p. : _bill. ; _c22 x 28 cm. |
||
| 504 | _aIncludes bibliographies and index. | ||
| 650 | 0 |
_aCluster housing _zUnited States. |
|
| 650 | 0 |
_aHomesites _zUnited States. |
|
| 650 | 0 |
_aArchitecture _zUnited States _xHistory _y20th century. |
|
| 700 | 1 |
_aSmall, Robert E., _ejoint author. |
|
| 942 | _2ddc | ||